000 00321nam a2200145Ia 4500
008 240112s2016 xx 000 0 und d
022 _a900036
041 _aeng
082 _a614
100 _aDANEL J.
245 _aAMERICAN JOU. OF PUBLIC HEALTH
260 _bAPHA
_c2016
300 _a1-564
_c1-4
440 _v106
999 _c1144978
_d1144978